000 01015nam a2200265Ia 4500
003 OSt
005 20220923211409.0
006 a|||||r|||| 00| 0
007 ta
008 220922b |||||||| |||| 00| 0 hin d
020 _a9788190553445 (hbk)
_c295
024 _a245,363
037 _b371, 11/02/2011, Swaraj Prakashan
_cTextual
040 _aARTS
_cARTS
_bhin
041 _2hin
_ahin
082 _aO152,3M80,RA:g, P8
100 _aतेज सिंह, संपा.
245 0 _aप्रेमचन्द की रंगभूमि
_b एक विवाद - एक संवाद
246 _aPremachanda kī rangabhūmi: ek vivād - ek sanvāda
260 _aदिल्ली
_b स्वराज प्रकाशन
_c2008
300 _a165पृ.
_ccm.
650 _aहिन्दी साहित्य
_9156264
942 _hO152,3M80,RA:g, P8
_cTEXL
_2CC
999 _c299101
_d299101